| 000 | 01121nam a2200373 a 4500 | ||
|---|---|---|---|
| 001 | 000113932 | ||
| 003 | CHAP | ||
| 005 | 20220329144420.0 | ||
| 008 | 171009s2015 mx |r| ||||||spa d | ||
| 010 | _a110393 | ||
| 011 | _a111365 | ||
| 020 | _a9786077666486 | ||
| 040 | _cCHAP | ||
| 082 | 0 | 4 |
_a823.9 _bW45 |
| 100 | 1 |
_aWells, Herbert George _9133784 |
|
| 245 | 1 | 3 |
_aLa guerra de los mundos / _cpor Herbert George Wells. |
| 260 |
_aMéxico : _bEdiciones Leyenda, _c2015. |
||
| 300 | _a158 P. | ||
| 490 | _aColección clásicos | ||
| 590 |
_aE11695DGD _b10 _c20171105 _lUCH01 _h1109 |
||
| 590 |
_aE5765TAJ _b05 _c20171009 _lUCH01 _h0935 |
||
| 590 |
_aE5765TAJ _b05 _c20171009 _lUCH01 _h1218 |
||
| 590 |
_aE5765TAJ _b05 _c20171016 _lUCH01 _h1231 |
||
| 590 |
_aE5765TAJ _b05 _c20171016 _lUCH01 _h1232 |
||
| 590 |
_aE5765TAJ _b05 _c20171016 _lUCH01 _h1232 |
||
| 590 |
_aE5765TAJ _b05 _c20171016 _lUCH01 _h1233 |
||
| 650 | 1 | 4 |
_aCiencia ficción. _923145 |
| 650 | 1 | 4 |
_aLiteratura inglesa. _967134 |
| 650 | 1 | 4 |
_aNovela inglesa. _982023 |
| 830 | 0 | 0 |
_aColección clásicos _924754 |
| 901 | _aBK | ||
| 942 | _cLIBRO | ||
| 942 | _n0 | ||
| 999 |
_c110393 _d110393 |
||